000 00350nam a2200121Ia 4500
008 220204s9999 xx 000 0 und d
082 _a628.11
_bPER
100 _aPEREIRA, H C
245 0 _aLand use and water resources in temperature and tropical climates.
260 _aLondon
_bCambridge University
_c1973
650 _aWater resources
942 _cBK
999 _c23170
_d23170